[Event "MDA-ch"]
[Site "Kishinev"]
[Date "2024.02.05"]
[Round "3"]
[White "Baranciuc, Alexandr"]
[Black "Bujac, Dan"]
[Result "1-0"]
[WhiteElo "2336"]
[BlackElo "1871"]
[PlyCount "91"]
[EventDate "2024.02.03"]
[EventType "swiss"]
[EventRounds "7"]
[EventCountry "MDA"]
[SourceTitle "CB07_2024"]
[SourceDate "2024.02.14"]
[SourceVersion "1"]
[SourceVersionDate "2024.02.14"]
[SourceQuality "1"]

1. d4 Nf6 2. Nc3 g6 3. e4 d6 4. Be3 c6 5. a4 Qc7 6. f3 Nbd7 7. Bc4 Bg7 8. Nge2 0-0 9. 0-0 e5 10. Ba2 a5 11. Qd2 exd4 12. Bxd4 Rd8 13. Rad1 Nf8 14. Nf4 Ne6 15. Be3 Nxf4 16. Bxf4 Be6 17. Bxe6 fxe6 18. Kh1 e5 19. Bg5 Rd7 20. Bxf6 Bxf6 21. Qd3 Kg7 22. Qc4 Qb6 23. b3 Rad8 24. Rd3 Bg5 25. Rfd1 Qf2 26. Nb1 d5 27. Qc3 d4 28. Qxa5 Re8 29. Na3 Qh4 30. Qe1 Qh5 31. a5 Bf4 32. g3 Bh6 33. Nc4 Rf8 34. Kg2 Rdf7 35. Qe2 Qg5 36. c3 c5 37. cxd4 cxd4 38. Rf1 Qe7 39. Qa2 g5 40. Qa3 Qxa3 41. Nxa3 g4 42. Nc4 Be3 43. Nxe5 gxf3+ 44. Rxf3 Rxf3 45. Nxf3 Re8 46. Nxd4 1-0

[Event "EU-chT U18"]
[Site "Iasi"]
[Date "2023.07.24"]
[Round "1.1"]
[White "Baranciuc, Alexandr"]
[Black "Klimkowski, Jan"]
[Result "0-1"]
[WhiteElo "2249"]
[BlackElo "2485"]
[PlyCount "114"]
[EventDate "2023.07.24"]
[EventType "team-swiss"]
[EventRounds "7"]
[EventCountry "ROU"]
[SourceTitle "CBM 215 Extra"]
[Source "ChessBase"]
[SourceDate "2023.09.30"]
[SourceVersion "1"]
[SourceVersionDate "2023.09.30"]
[SourceQuality "1"]
[WhiteTeam "Moldova U18"]
[BlackTeam "Poland U18"]
[WhiteTeamCountry "MDA"]
[BlackTeamCountry "POL"]

1. c4 e5 2. Nc3 Nf6 3. Nf3 e4 4. Ng5 c6 5. Ngxe4 Nxe4 6. Nxe4 d5 7. cxd5 cxd5 8. Ng3 h5 9. e3 h4 10. Ne2 Nc6 11. d4 Qf6 12. Nc3 Qg6 13. Be2 Qxg2 14. Bf3 Qg6 15. Bxd5 Bb4 16. Bd2 0-0 17. Qb3 Ba5 18. 0-0-0 Nb4 19. Be4 Bf5 20. Rhg1 Qh7 21. f3 Nd3+ 22. Bxd3 Bxd3 23. Nd5 Rfc8+ 24. Bc3 Kh8 25. Nf4 Bc4 26. Qa3 Bxc3 27. bxc3 Qh6 28. Qa5 b5 29. Rd2 Re8 30. Re1 Re7 31. d5 Rae8 32. d6 Rd7 33. Qa3 Qf6 34. Rd4 g5 35. Nd3 Qxf3 36. Qc5 f6 37. Kd2 Kg7 38. e4 Bxd3 39. Re3 Qf4 40. Kxd3 Re6 41. e5 Qf5+ 42. Kd2 Rxe5 43. Rxe5 Qxe5 44. Qc6 Qxh2+ 45. Kc1 Qg1+ 46. Kb2 Qf2+ 47. Ka3 Qf5 48. Rd5 Qe6 49. Kb4 h3 50. Kc5 h2 51. Rd4 a6 52. Qg2 Qe1 53. Qxh2 Qxc3+ 54. Kd5 Rd8 55. Qf2 Re8 56. Re4 Rxe4 57. Kxe4 Qe5+ 0-1

[Event "Brasov GP RO"]
[Site "Brasov"]
[Date "2023.07.22"]
[Round "9"]
[White "Kevlishvili, Robby"]
[Black "Baranciuc, Alexandr"]
[Result "1-0"]
[WhiteElo "2529"]
[BlackElo "2249"]
[PlyCount "59"]
[EventDate "2023.07.16"]
[EventType "swiss"]
[EventRounds "9"]
[EventCountry "ROU"]
[SourceTitle "CBM 215 Extra"]
[Source "ChessBase"]
[SourceDate "2023.09.30"]
[SourceVersion "1"]
[SourceVersionDate "2023.09.30"]
[SourceQuality "1"]

1. Nf3 d5 2. g3 Bg4 3. Bg2 Nd7 4. h3 Bxf3 5. Bxf3 Ngf6 6. 0-0 e6 7. d4 c5 8. c4 cxd4 9. cxd5 e5 10. e3 Bc5 11. exd4 Bxd4 12. Nc3 0-0 13. Re1 Rc8 14. Be3 Bxc3 15. bxc3 e4 16. Bg2 Rxc3 17. Qd4 Rc5 18. Qb2 Rxd5 19. Qxb7 Ne5 20. Qxa7 Qc8 21. Rec1 Qf5 22. Rc5 h5 23. Rxd5 Nxd5 24. Rd1 Nc3 25. Rf1 h4 26. g4 Qe6 27. Bd2 Ne2+ 28. Kh1 Nc4 29. Bb4 Re8 30. Re1 1-0

[Event "Bucharest Grand Prix"]
[Site "Bucharest"]
[Date "2023.04.30"]
[Round "8"]
[White "Ghimpu, Samuel Timotei"]
[Black "Baranciuc, Alexandr"]
[Result "1-0"]
[WhiteElo "2458"]
[BlackElo "2223"]
[PlyCount "69"]
[EventDate "2023.04.29"]
[EventType "swiss (rapid)"]
[EventRounds "10"]
[EventCountry "ROU"]
[SourceTitle "CBM 213 Extra"]
[Source "ChessBase"]
[SourceDate "2023.05.31"]
[SourceVersion "1"]
[SourceVersionDate "2023.05.31"]
[SourceQuality "1"]

1. Nf3 d5 2. g3 Nd7 3. d4 Nb6 4. Bg2 Bf5 5. a4 a5 6. Nc3 h6 7. 0-0 Nf6 8. b3 e6 9. Bb2 Be7 10. e3 0-0 11. Ne5 Nbd7 12. Nd3 Rc8 13. Rc1 c5 14. Nb5 c4 15. bxc4 Rxc4 16. c3 Nb6 17. Ne5 Rxa4 18. Re1 Nfd7 19. Nxd7 Qxd7 20. Bf1 Rc4 21. Na3 Rcc8 22. Qb3 Qd8 23. Ra1 a4 24. Qb5 Rc6 25. Rec1 Qc8 26. c4 dxc4 27. Nxc4 Nxc4 28. Bxc4 Be4 29. Qxa4 Qc7 30. Bb5 Rxc1+ 31. Rxc1 Qb6 32. Ba1 Bc6 33. Bxc6 Rc8 34. d5 exd5 35. Qg4 1-0

[Event "World ol U16"]
[Site "Nakhchivan"]
[Date "2022.10.06"]
[Round "5.11"]
[White "Levitan, Caleb Levi"]
[Black "Baranciuc, Alexandr"]
[Result "0-1"]
[WhiteElo "2063"]
[BlackElo "2184"]
[PlyCount "114"]
[EventDate "2022.10.02"]
[EventType "team-swiss"]
[EventRounds "9"]
[EventCountry "AZE"]
[SourceTitle "CBM 210 Extra"]
[Source "ChessBase"]
[SourceDate "2022.11.30"]
[SourceVersion "1"]
[SourceVersionDate "2022.11.30"]
[SourceQuality "1"]
[WhiteTeam "South Africa"]
[BlackTeam "Moldova"]
[WhiteTeamCountry "RSA"]
[BlackTeamCountry "MDA"]

1. e4 e5 2. Nf3 Nc6 3. Bb5 a6 4. Ba4 d6 5. 0-0 Bd7 6. c3 Nge7 7. d4 Ng6 8. Be3 Be7 9. Nbd2 0-0 10. Bb3 Na5 11. Bc2 exd4 12. cxd4 c5 13. Rc1 Rc8 14. Bb1 b5 15. Qe2 c4 16. Rfd1 Re8 17. h3 d5 18. exd5 Bf8 19. Qf1 Nb7 20. Re1 Nd6 21. Bg5 f6 22. Bxg6 hxg6 23. Bf4 Bf5 24. Rxe8 Qxe8 25. g4 Bd3 26. Qg2 g5 27. Bg3 Qf7 28. Ne1 Bg6 29. Qf3 Re8 30. Bxd6 Bxd6 31. Nc2 Qa7 32. Qc3 Bd3 33. b4 Bf4 34. Re1 Qd7 35. Ne3 Kf7 36. Ndf1 g6 37. a3 Rh8 38. Kg2 Re8 39. Kg1 Be4 40. Ng3 Bf3 41. Ng2 Rxe1+ 42. Nxe1 Bxd5 43. Ne2 Bc7 44. Ng3 Bb7 45. Kf1 Qd5 46. Ke2 Bb6 47. Nc2 Qg2 48. Nf1 Qe4+ 49. Kd2 Bc7 50. Nce3 Bf4 51. Kc1 Qg2 52. Qe1 Qxh3 53. Kb2 Qh1 54. Qe2 Be4 55. Ng3 Qb1+ 56. Kc3 Bxe3 57. Nxe4 Qc1+ 0-1

[Event "Arad op-A 14th"]
[Site "Arad"]
[Date "2021.07.30"]
[Round "1"]
[White "Baranciuc, Alexandr"]
[Black "Miron, Lucian Costin"]
[Result "0-1"]
[WhiteElo "2029"]
[BlackElo "2507"]
[PlyCount "98"]
[EventDate "2021.07.30"]
[EventType "swiss"]
[EventRounds "9"]
[EventCountry "ROU"]
[SourceTitle "CBM 203 Extra"]
[Source "ChessBase"]
[SourceDate "2021.09.30"]
[SourceVersion "1"]
[SourceVersionDate "2021.09.30"]
[SourceQuality "1"]

1. c4 e6 2. Nf3 Nf6 3. b3 b6 4. g3 Bb7 5. Bg2 d5 6. 0-0 Be7 7. Bb2 0-0 8. e3 a5 9. Nc3 Nbd7 10. d3 c6 11. e4 Rc8 12. cxd5 cxd5 13. e5 Ne8 14. d4 Nc7 15. Ne1 b5 16. a4 bxa4 17. Nxa4 Na6 18. Nd3 Nb4 19. Nxb4 Bxb4 20. Qd3 Bc6 21. Rfc1 Bxa4 22. Rxa4 Qb6 23. Bf1 Rxc1 24. Bxc1 Rb8 25. Bd2 Nf8 26. Bxb4 axb4 27. Qd2 Ng6 28. Ra6 Qc7 29. Bd3 Ne7 30. f4 g6 31. Kf2 Rb6 32. Rxb6 Qxb6 33. Ke3 Nc6 34. Be2 Kg7 35. g4 g5 36. fxg5 Nxe5 37. Qc2 Nd7 38. Qc8 Qd6 39. Bb5 Nf8 40. Qc2 Ng6 41. Qf2 e5 42. Kd2 Qb6 43. Bf1 Qc6 44. dxe5 Qc3+ 45. Ke2 Qxe5+ 46. Qe3 Qxh2+ 47. Kd3 Nf4+ 48. Kd4 Qb2+ 49. Kc5 Qc3+ 0-1

[Event "Nizami Ganjavi 880 years U17"]
[Site "Tornelo INT"]
[Date "2021.04.03"]
[Round "5.8"]
[White "Pedmanson, Herman"]
[Black "Baranciuc, Alexandr"]
[Result "0-1"]
[WhiteElo "1873"]
[BlackElo "2029"]
[PlyCount "112"]
[EventDate "2021.04.02"]
[EventType "team-swiss (blitz)"]
[EventRounds "9"]
[EventCountry "AZE"]
[SourceTitle "EXT 2023"]
[Source "ChessBase"]
[SourceDate "2022.10.05"]
[SourceVersion "1"]
[SourceVersionDate "2022.10.05"]
[SourceQuality "1"]
[WhiteTeam "Estonia"]
[BlackTeam "Moldova"]
[WhiteTeamCountry "EST"]
[BlackTeamCountry "MDA"]

1. d4 d5 2. Nf3 Nf6 3. e3 g6 4. b3 Bg7 5. Bb2 0-0 6. Nbd2 b6 7. c4 Bb7 8. Be2 e6 9. Rc1 Nbd7 10. 0-0 Rc8 11. c5 bxc5 12. dxc5 c6 13. b4 a5 14. a3 axb4 15. axb4 Qc7 16. Nb3 Ne4 17. Qc2 Bxb2 18. Qxb2 Ra8 19. Ra1 Rfb8 20. Rxa8 Rxa8 21. Ra1 Qc8 22. h3 e5 23. Nxe5 Nxe5 24. Qxe5 Ba6 25. Bxa6 Rxa6 26. f3 Rxa1+ 27. Qxa1 Ng5 28. Qe5 Ne6 29. Nd4 Nxd4 30. Qxd4 Qb7 31. e4 dxe4 32. fxe4 Qa6 33. Qd8+ Kg7 34. Qd4+ Kg8 35. e5 Qa2 36. Qe4 Qa1+ 37. Kh2 Qb2 38. e6 fxe6 39. Qxe6+ Kg7 40. Qe4 Kg8 41. h4 Qf6 42. Kh3 Qc3+ 43. g3 Qf6 44. Qc4+ Kg7 45. Qf4 Qe6+ 46. Qg4 Qd5 47. Qe2 Qh1+ 48. Kg4 Qd5 49. Kh3 Qh1+ 50. Kg4 Qd5 51. Qe7+ Kg8 52. Qf6 Qe4+ 53. Qf4 Qe6+ 54. Kg5 Qd5+ 55. Kg4 h5+ 56. Kh3 Qh1# 0-1

[Event "Nizami Ganjavi 880 years U17"]
[Site "Tornelo INT"]
[Date "2021.04.02"]
[Round "1.12"]
[White "McKennis, Darren"]
[Black "Baranciuc, Alexandr"]
[Result "0-1"]
[WhiteElo "1735"]
[BlackElo "2029"]
[PlyCount "132"]
[EventDate "2021.04.02"]
[EventType "team-swiss (blitz)"]
[EventRounds "9"]
[EventCountry "AZE"]
[SourceTitle "EXT 2023"]
[Source "ChessBase"]
[SourceDate "2022.10.05"]
[SourceVersion "1"]
[SourceVersionDate "2022.10.05"]
[SourceQuality "1"]
[WhiteTeam "Jamaica"]
[BlackTeam "Moldova"]
[WhiteTeamCountry "JAM"]
[BlackTeamCountry "MDA"]

1. d4 Nf6 2. c4 c5 3. d5 e6 4. Nc3 exd5 5. cxd5 d6 6. e4 g6 7. f3 Bg7 8. Bg5 0-0 9. Qd2 Re8 10. Nge2 Na6 11. Ng3 Nc7 12. Be2 Rb8 13. a4 a6 14. a5 b5 15. axb6 Rxb6 16. 0-0 Bd7 17. Rfb1 Qb8 18. Nf1 Qb7 19. Ne3 Bb5 20. Na4 Bxa4 21. Rxa4 Rb4 22. Rxb4 cxb4 23. Nc4 Nb5 24. Be3 b3 25. Na5 Qc7 26. Nxb3 Rb8 27. Rc1 Qd7 28. Na5 Nc7 29. Bd4 Nb5 30. Bxb5 Qxb5 31. Nc6 Re8 32. b4 Kf8 33. Ra1 Rc8 34. Ra5 Qb7 35. Qd3 Ra8 36. b5 axb5 37. Qxb5 Qxb5 38. Rxb5 Nd7 39. Bxg7+ Kxg7 40. Rb7 Nc5 41. Rb1 Ra2 42. Nd4 Nd3 43. g3 Ne5 44. Rf1 Rd2 45. Nb5 Nc4 46. Rc1 Ne5 47. Rc3 h5 48. Nxd6 g5 49. Nc4 Rd1+ 50. Kg2 Ng6 51. Rc2 g4 52. Ne3 Re1 53. Nf5+ Kf6 54. Kf2 Rh1 55. Ke3 Ne5 56. f4 Re1+ 57. Kf2 Nd3+ 58. Kg2 Rxe4 59. Nd6 Re3 60. Nc4 Re8 61. d6 Ne1+ 62. Kf2 Nxc2 63. Ne5 Nd4 64. Ke3 Nf5+ 65. Ke4 Nxd6+ 66. Kd5 Nf5 0-1